|
|
|
|
| LEADER |
00000cam a2200000 a 4500 |
| 001 |
vtls008404397 |
| 003 |
SK-MaSNL |
| 005 |
20260301103754.0 |
| 008 |
181109s1954 xo a j 000 f slo |
| 015 |
|
|
|a SNBA19451955-013250
|
| 035 |
|
|
|a SK01SNKBKSFS20020096614
|
| 035 |
|
|
|a SKM000099077
|
| 040 |
|
|
|a SNK
|b slo
|c SNK
|e AACR2
|
| 041 |
1 |
|
|a slo
|h rus
|
| 044 |
|
|
|a xo
|c SK
|
| 080 |
|
|
|a 882-3
|2 1981
|
| 100 |
1 |
|
|a Vasilenko, Ivan Dmitrijevič,
|d 1895-1966
|4 aut
|9 441482
|
| 240 |
1 |
0 |
|a Zviezdočka
|l Slovensky
|
| 245 |
1 |
0 |
|a Hviezdička
|c I. Vasilenko ; [z ruského originálu preložila H. Rochová ; ilustrácie pôvodné V. Bajuskin]
|
| 250 |
|
|
|a 1. vyd.
|
| 260 |
|
|
|a Bratislava
|b Slovenské nakladateľstvo detskej literatúry
|c 1954
|e Bratislava
|f Graf. tlač.
|
| 300 |
|
|
|a 82, [2] s.
|c V. 8°
|
| 366 |
|
|
|e 15000 výtl.
|
| 490 |
1 |
|
|a Školská knižnica
|v zv.12
|
| 500 |
|
|
|a Celkovo 2. vyd.
|
| 655 |
|
7 |
|a ruské romány
|2 SNKPH
|9 70514
|
| 655 |
|
7 |
|a literatúra pre deti
|2 SNKPH
|9 87135
|
| 700 |
1 |
|
|a Rochová, Helena
|c (prekladateľka)
|4 trl
|9 185848
|
| 700 |
1 |
|
|a Bajuskin, V.
|4 ill
|9 308743
|
| 830 |
|
0 |
|a Školská knižnica
|9 289975
|
| 852 |
|
|
|a Slovenská národná knižnica v Martine
|b 10000
|h SD 8722/12
|
| 958 |
|
|
|a OND
|
| 958 |
|
|
|a RK
|
| 958 |
|
|
|a TL
|
| 999 |
|
|
|c 696249
|d 698179
|
| 952 |
|
|
|a SNK
|b SNK
|y PREZ
|7 0
|p 17A0381834
|o snkSD 8722/12
|i snk4888/55
|0 0
|1 0
|4 0
|d 2003-05-06
|l 0
|r 2025-11-21 00:00:00
|w 2026-02-23
|
| 952 |
|
|
|a SNK
|b SNK
|y PREZ
|7 0
|p 17A1150629
|o snkSD 8722/12 D1
|i snkK 705/76
|8 3
|0 0
|1 0
|4 0
|d 2016-06-22
|l 0
|r 2026-02-23 20:42:12
|w 2026-02-23
|